000 00759nam a2200241 i 4500
001 62582
003 ES-MaACL
005 20250604063258.0
007 t|
008 031124s1966 sp ||||1| spa d
017 _aM 17060-1966
040 _cES-MaACL
100 0 _aFernández García, Matías
_949812
_eaut
245 1 0 _aFuentes para la historia de Buitrago y su tierra /
_cMatías Fernández García.
260 _aMadrid :
_b[s.n.],
_c1966.
300 _a172 páginas ;
_c22 cm.
505 8 _aContiene: V. I: Ordenanzas (198 p.)
651 4 _aBuitrago-
_xHistoria
_97898
852 _aES-MaACL
_jP-170
_bR.61519
_xEncuadernación rústica
_cDEPO2
942 _cMONOGRAFIA
_n0
999 _c62582
_d62582